| 000 | 01050njm a22002537a 4500 | ||
|---|---|---|---|
| 005 | 20100906151526.0 | ||
| 006 | a|||||r|||||00| 0 | ||
| 007 | sd ammalaaahaa | ||
| 008 | 100906t xxu||||| |||| 00| 0 eng d | ||
| 028 |
_aECLP.2253 _bHis Master's Voice |
||
| 035 | _aGR-826 | ||
| 040 |
_aSED _cSED |
||
| 100 |
_917690 _aJoshi, Bhimsen |
||
| 245 |
_aKarim Naam - Raag - Miya Ka Malhar / _h[Sound Recording] : _cby Bhimsen Joshi |
||
| 246 | _aकरीम नाम - राग - मिया का मल्हार / | ||
| 260 |
_aDum Dum India _bHis Master's Voice |
||
| 300 |
_a1 sound disc (Gramophone Recording) _banalog 33 1/3 rpm _c12 in. (LP) _fGramophone Record |
||
| 440 | _918626 | ||
| 500 | _aBrief record | ||
| 505 | _aSide-2 आज सो बना -राग -पूर्वा कल्याण (Aaj So Bana - Raag - Poorwa Kalyan) (Bhimsen Joshi) | ||
| 650 |
_aHindustani Classical Music _xExcerpts _zIndia _917691 |
||
| 942 |
_2ddc _cGR |
||
| 999 |
_c44090 _d44090 |
||